[Event "Paul Keres mem (31st)"]
[Site "Vancouver CAN"]
[Date "2006.05.22"]
[Round "7.14"]
[White "Herodek, Joseph"]
[Black "Krzyzowski, Ernie"]
[Result "1-0"]
[WhiteElo "1937"]
[BlackElo "1685"]
[PlyCount "129"]
[EventDate "2006.05.19"]
[EventType "swiss"]
[EventRounds "6"]
[EventCountry "CAN"]

1. Nf3 f5 2. b3 Nf6 3. Bb2 d6 4. e3 e6 5. Be2 Be7 6. O-O O-O 7. d4 b6 8. Bc4 d5
9. Be2 Qe8 10. c4 c6 11. Nc3 Nbd7 12. cxd5 cxd5 13. Nb5 Qd8 14. Rc1 Ne8 15. h3
a6 16. Nc3 g5 17. Ne5 Nxe5 18. dxe5 Ng7 19. Bf3 Bb7 20. Ne2 h5 21. Nd4 g4 22.
hxg4 hxg4 23. Be2 Kf7 24. g3 Rh8 25. Kg2 Rh3 26. Rh1 Qh8 27. f3 gxf3+ 28. Bxf3
Rxh1 29. Qxh1 Qxh1+ 30. Rxh1 Rc8 31. g4 fxg4 32. Bxg4 Bg5 33. Kf3 Rf8 34. Ba3
Be7 35. Bb2 Kg6+ 36. Ke2 Bc8 37. Rg1 Kf7 38. Bf3 Bb7 39. Rxg7+ Kxg7 40. Nxe6+
Kf7 41. Nxf8 Bxf8 42. Bd4 b5 43. Bg4 Bb4 44. Kd3 Be7 45. Bb6 Bf8 46. Bd4 Ke7
47. Bb6 Kf7 48. Bd8 Ke8 49. Bf6 Bc5 50. e6 Bc6 51. Bh5+ Kf8 52. Bg6 Ba3 53. Bg5
Bc5 54. Bf6 Ba3 55. Kc3 Bd6 56. b4 Bb7 57. a3 Bc6 58. Kd4 Bb7 59. Be5 Ke7 60.
Bf5 Bc6 61. Bf4 Bb7 62. Bg5+ Kf8 63. e4 dxe4 64. Bxe4 Bxe4 65. Kxe4 1-0

[Event "Paul Keres mem (31st)"]
[Site "Vancouver CAN"]
[Date "2006.05.22"]
[Round "7.15"]
[White "Milner, Arik"]
[Black "North, Robert"]
[Result "1-0"]
[WhiteElo "1730"]
[BlackElo "1966"]
[PlyCount "81"]
[EventDate "2006.05.19"]
[EventType "swiss"]
[EventRounds "6"]
[EventCountry "CAN"]

1. e4 c5 2. Nf3 d6 3. Bb5+ Nd7 4. O-O Ngf6 5. Re1 a6 6. Bf1 e5 7. c3 b6 8. d4
Be7 9. Bg5 Bb7 10. d5 O-O 11. c4 Re8 12. Bxf6 Bxf6 13. Nc3 Qc7 14. Nd2 Reb8 15.
a4 Bc8 16. g3 Nf8 17. Qc2 Bd7 18. b3 h6 19. Reb1 Ng6 20. Qd1 Qc8 21. Rb2 Ne7
22. Rba2 a5 23. Bg2 g6 24. Nb5 Bxb5 25. cxb5 Qc7 26. Nc4 Rf8 27. Qe2 Rae8 28.
Rf1 Bg7 29. f3 f5 30. Qd3 Kh7 31. Raf2 Qd8 32. Bh3 Kh8 33. Bg2 Kh7 34. f4 fxe4
35. Bxe4 exf4 36. Rxf4 Rxf4 37. Rxf4 Rf8 38. Qf3 Nc8 39. Rxf8 Qxf8 40. Qxf8
Bxf8 41. Bg2 1-0

[Event "Paul Keres mem (31st)"]
[Site "Vancouver CAN"]
[Date "2006.05.22"]
[Round "7.16"]
[White "Gaciu, Vlad"]
[Black "Long, Hugh"]
[Result "0-1"]
[WhiteElo "1748"]
[BlackElo "1724"]
[PlyCount "114"]
[EventDate "2006.05.19"]
[EventType "swiss"]
[EventRounds "6"]
[EventCountry "CAN"]

1. e4 d5 2. exd5 Nf6 3. Bb5+ Bd7 4. Bxd7+ Qxd7 5. c4 c6 6. Qe2 cxd5 7. d3 g6 8.
Nf3 Nc6 9. Bf4 Bg7 10. Nc3 O-O 11. O-O a6 12. Rad1 e6 13. Ne5 Qd8 14. Nxc6 bxc6
15. Be5 Nd7 16. Bxg7 Kxg7 17. b3 d4 18. Ne4 f5 19. Nd2 e5 20. f4 Qf6 21. Qf3
Rae8 22. Rde1 Re7 23. Qg3 Rfe8 24. fxe5 Rxe5 25. Nf3 Re3 26. Qc7 R8e7 27. Rxe3
dxe3 28. Qa5 Ne5 29. Nxe5 Qxe5 30. Qxe5+ Rxe5 31. Re1 f4 32. Kf1 g5 33. Ke2 h5
34. g3 Kf6 35. gxf4 gxf4 36. Kf3 Kf5 37. b4 Re7 38. a4 Ke5 39. Ke2 Rg7 40. Kf3
Kd4 41. Rd1 Re7 42. Ke2 f3+ 43. Kxf3 e2 44. Re1 Kxd3 45. b5 cxb5 46. cxb5 axb5
47. axb5 Kd2 48. Rxe2+ Rxe2 49. b6 Kd3 50. b7 Rb2 51. Kg3 Rxb7 52. Kh4 Rb5 53.
Kg3 Ke3 54. Kh4 Kf4 55. h3 Kf5 56. Kxh5 Rb8 57. Kh4 Rg8 0-1

[Event "Pere Noel"]
[Site "Montreal CAN"]
[Date "2006.12.26"]
[Round "1"]
[White "Arsenault, Nicolas"]
[Black "Carrier, Claude"]
[Result "1/2-1/2"]
[WhiteElo "2146"]
[BlackElo "1971"]
[PlyCount "75"]
[EventDate "2006.12.26"]
[EventType "swiss"]
[EventRounds "5"]
[EventCountry "CAN"]

1. e4 c5 2. Nf3 e6 3. d4 cxd4 4. Nxd4 Nf6 5. Nc3 d6 6. Be3 a6 7. f3 b5 8. g4
Nfd7 9. Qd2 Bb7 10. O-O-O Nb6 11. Bd3 N8d7 12. Kb1 b4 13. Nce2 d5 14. exd5 Nxd5
15. Bg5 Qb6 16. Ka1 a5 17. Bb5 Be7 18. Bxe7 Kxe7 19. Bxd7 Kxd7 20. Rhe1 Rhd8
21. Qg5 g6 22. Nf4 Ke8 23. Nxd5 Bxd5 24. Qf6 Ra7 25. Re2 Bxf3 26. Qxf3 Rxd4 27.
Red2 Rxd2 28. Rxd2 Rd7 29. Rxd7 Kxd7 30. Qxf7+ Kd6 31. Qf4+ Ke7 32. b3 Qc5 33.
Kb1 g5 34. Qf1 Qd4 35. h3 e5 36. Qf5 Qd1+ 37. Kb2 Qd4+ 38. Kb1 1/2-1/2

[Event "Pere Noel"]
[Site "Montreal CAN"]
[Date "2006.12.26"]
[Round "1"]
[White "Ayotte, Jocelyn"]
[Black "Robichaud, Louis"]
[Result "1/2-1/2"]
[WhiteElo "2037"]
[BlackElo "2197"]
[PlyCount "77"]
[EventDate "2006.12.26"]
[EventType "swiss"]
[EventRounds "5"]
[EventCountry "CAN"]

1. d4 Nf6 2. c4 g6 3. Nc3 Bg7 4. e4 d6 5. Nf3 O-O 6. Be2 e5 7. O-O Nc6 8. d5
Ne7 9. Ne1 Nd7 10. Nd3 f5 11. Bd2 Nf6 12. f3 f4 13. g4 g5 14. c5 Ng6 15. Be1
Kf7 16. Bf2 Rh8 17. Kg2 h5 18. h3 hxg4 19. hxg4 Nh4+ 20. Bxh4 gxh4 21. Rh1 Nh7
22. cxd6 cxd6 23. Nf2 Bf6 24. Rc1 a6 25. a4 Qb6 26. Qd2 Bd7 27. b3 Rac8 28. Bc4
Ng5 29. Qe1 Nxf3 30. Kxf3 h3 31. Ncd1 Rcg8 32. a5 Qa7 33. Ke2 f3+ 34. Kxf3 Bg5
35. Rc3 h2 36. Kg2 Bf4 37. Ne3 Rh4 38. Kf3 Rgh8 39. Bf1 1/2-1/2

[Event "Pere Noel"]
[Site "Montreal CAN"]
[Date "2006.12.26"]
[Round "1"]
[White "Bergeron, Marc"]
[Black "Fareh, Youness"]
[Result "1-0"]
[WhiteElo "1977"]
[BlackElo "2161"]
[PlyCount "91"]
[EventDate "2006.12.26"]
[EventType "swiss"]
[EventRounds "5"]
[EventCountry "CAN"]

1. c4 Nf6 2. g3 g6 3. Bg2 Bg7 4. Nc3 O-O 5. e4 d6 6. Nge2 e5 7. O-O Be6 8. d3
Qd7 9. f4 Bh3 10. f5 Bxg2 11. Kxg2 Nc6 12. Nd5 Ne7 13. Nxf6+ Bxf6 14. Bh6 gxf5
15. Bxf8 Rxf8 16. Nc3 Bg7 17. exf5 Nxf5 18. Qf3 Nd4 19. Qxb7 Nc2 20. Nd5 Nxa1
21. Rxa1 Qg4 22. Ne7+ Kh8 23. Qf3 Qxf3+ 24. Kxf3 f5 25. Nc6 a6 26. Rb1 Bh6 27.
b4 Kg7 28. Rb3 Bc1 29. a4 Re8 30. a5 e4+ 31. Ke2 exd3+ 32. Kxd3 Be3 33. Rb2 Bg1
34. Re2 Kf7 35. Rxe8 Kxe8 36. h3 Bf2 37. g4 fxg4 38. hxg4 Kd7 39. b5 Be1 40.
Ke4 Bc3 41. Kd5 axb5 42. cxb5 Kc8 43. a6 Bd2 44. Ne7+ Kb8 45. Kc6 Be3 46. Nd5
1-0

[Event "Pere Noel"]
[Site "Montreal CAN"]
[Date "2006.12.26"]
[Round "1"]
[White "Forget, Luc"]
[Black "Ye, Ling Feng"]
[Result "1/2-1/2"]
[WhiteElo "1956"]
[BlackElo "2136"]
[PlyCount "74"]
[EventDate "2006.12.26"]
[EventType "swiss"]
[EventRounds "5"]
[EventCountry "CAN"]

1. d4 d5 2. Nf3 Nf6 3. c4 e6 4. g3 Be7 5. Bg2 O-O 6. O-O c6 7. Qc2 Nbd7 8. Rd1
Re8 9. Bf4 Nf8 10. Nc3 Ng6 11. Bg5 Nd7 12. h4 Nb6 13. Bxe7 Qxe7 14. c5 Nd7 15.
e4 Qd8 16. Ng5 Nf6 17. e5 Nd7 18. Bh3 b6 19. b4 a5 20. b5 Bb7 21. Nxd5 cxd5 22.
c6 Rc8 23. Rac1 Ndf8 24. Qd2 Ba8 25. f4 Rc7 26. a4 h6 27. Nf3 Nh7 28. Rc3 Qe7
29. Rdc1 f5 30. Qb2 Nh8 31. Qa3 Qxa3 32. Rxa3 h5 33. Nd2 Rec8 34. Rac3 Ng6 35.
Bf1 Ne7 36. Be2 g6 37. Kf2 Kf8 1/2-1/2

[Event "Pere Noel"]
[Site "Montreal CAN"]
[Date "2006.12.26"]
[Round "1"]
[White "Gilman, Arkadiy"]
[Black "Voskanyan, Vahagn"]
[Result "0-1"]
[WhiteElo "2136"]
[BlackElo "2326"]
[PlyCount "90"]
[EventDate "2006.12.26"]
[EventType "swiss"]
[EventRounds "5"]
[EventCountry "CAN"]

1. d4 Nf6 2. c4 g6 3. Nc3 d5 4. Nf3 Bg7 5. Bg5 Ne4 6. cxd5 Nxg5 7. Nxg5 e6 8.
Qa4+ Kf8 9. Nf3 exd5 10. e3 c6 11. Be2 Nd7 12. O-O Bf6 13. b4 a6 14. Qb3 Kg7
15. a4 Re8 16. b5 a5 17. Rab1 Kg8 18. Rfc1 Bg7 19. Nd1 Re6 20. Nb2 g5 21. h3 h5
22. Kf1 g4 23. Ng1 Nf6 24. Nd1 Ne4 25. Rb2 Rg6 26. bxc6 bxc6 27. Qb6 Qf6 28.
hxg4 hxg4 29. Qc7 c5 30. Rb8 Rxb8 31. Qxb8 Qf5 32. Bd3 Rc6 33. Rxc5 Rxc5 34.
dxc5 Bf6 35. Ne2 Ng3+ 36. Qxg3 Qxd3 37. Ke1 Ba6 38. Qb8+ Kh7 39. Ng3 Qc4 40.
Qd6 Bg7 41. Qb6 Kg8 42. Qd8+ Kh7 43. Qxa5 Be5 44. Kd2 Qa2+ 45. Kc1 Bd3 0-1

[Event "Pere Noel"]
[Site "Montreal CAN"]
[Date "2006.12.26"]
[Round "1"]
[White "Khassanov, Marat"]
[Black "Benoit-Deschamps, Jean-Marc"]
[Result "1-0"]
[WhiteElo "2320"]
[BlackElo "2095"]
[PlyCount "63"]
[EventDate "2006.12.26"]
[EventType "swiss"]
[EventRounds "5"]
[EventCountry "CAN"]

1. e4 c5 2. Nf3 d6 3. Bb5+ Bd7 4. Bxd7+ Qxd7 5. O-O Nc6 6. Re1 g6 7. c3 Bg7 8.
d4 cxd4 9. cxd4 Nf6 10. Nc3 O-O 11. Bg5 h6 12. Bh4 g5 13. Bg3 Rfd8 14. d5 Na5
15. e5 dxe5 16. Nxe5 Qf5 17. Qa4 b6 18. Nc6 Nxc6 19. dxc6 Nh5 20. c7 Rdc8 21.
Qc6 Nxg3 22. Nd5 Bf8 23. Rxe7 Nh5 24. Rae1 Nf4 25. Nf6+ Kh8 26. Rxf7 Bg7 27. h3
Nd3 28. Rxg7 Kxg7 29. Nh5+ Kg8 30. Re7 Qxf2+ 31. Kh2 Qd4 32. Qg6+ 1-0

[Event "Pere Noel"]
[Site "Montreal CAN"]
[Date "2006.12.26"]
[Round "1"]
[White "Larochelle, Martial"]
[Black "Khodjimatov, Sherzod"]
[Result "1/2-1/2"]
[WhiteElo "2177"]
[BlackElo "2021"]
[PlyCount "81"]
[EventDate "2006.12.26"]
[EventType "swiss"]
[EventRounds "5"]
[EventCountry "CAN"]

1. Nf3 Nf6 2. c4 c5 3. Nc3 Nc6 4. g3 g6 5. d4 cxd4 6. Nxd4 Bg7 7. Bg2 O-O 8.
O-O a6 9. c5 Nxd4 10. Qxd4 d6 11. cxd6 Ne8 12. Qh4 Nxd6 13. Rd1 Bd7 14. e4 Re8
15. Bf4 Nc4 16. Bh3 e6 17. Bg5 f6 18. Bc1 Qe7 19. Bg2 Bc6 20. b3 f5 21. Bg5 Qb4
22. bxc4 Bxc3 23. Rac1 Bg7 24. exf5 exf5 25. Bxc6 bxc6 26. Rd7 Rab8 27. Bf6 Rb7
28. Rxg7+ Rxg7 29. Bxg7 Kxg7 30. Qd4+ Kg8 31. h4 Qe7 32. Rc3 f4 33. Kg2 fxg3
34. Re3 Qf7 35. Rxe8+ Qxe8 36. fxg3 Qe2+ 37. Kh3 Qf1+ 38. Kh2 Qf3 39. Qd8+ Kg7
40. Qe7+ Kh6 41. Qg5+ 1/2-1/2

[Event "Pere Noel"]
[Site "Montreal CAN"]
[Date "2006.12.26"]
[Round "1"]
[White "Masse, Hugues"]
[Black "Hajiyev, Elshad"]
[Result "1-0"]
[WhiteElo "2208"]
[BlackElo "2049"]
[PlyCount "135"]
[EventDate "2006.12.26"]
[EventType "swiss"]
[EventRounds "5"]
[EventCountry "CAN"]

1. d4 Nf6 2. c4 c5 3. d5 b5 4. cxb5 a6 5. f3 g6 6. e4 d6 7. Na3 Bg7 8. Ne2 O-O
9. Nc3 Nfd7 10. Be2 axb5 11. Naxb5 Na6 12. O-O Nc7 13. Qc2 Nxb5 14. Nxb5 Ba6
15. a4 Bxb5 16. Bxb5 Qc7 17. Rb1 Rfc8 18. b3 Nb6 19. Be3 Nd7 20. Rfc1 Rab8 21.
b4 Rxb5 22. axb5 c4 23. Kh1 c3 24. Bf2 Nb6 25. Rb3 Nc4 26. b6 Nxb6 27. Qd3 Na4
28. Bd4 Bh6 29. Rc2 Bd2 30. b5 Nc5 31. b6 Qxb6 32. Rxb6 Nxd3 33. Bxc3 Rxc3 34.
Rc6 Rxc2 35. Rxc2 Bg5 36. Ra2 h5 37. Ra3 Nc5 38. Kg1 Kg7 39. Kf2 Bf6 40. Ke3 g5
41. Ra8 h4 42. Ra7 Kg6 43. Rc7 Nb3 44. Rc4 Nc5 45. g3 Nd7 46. f4 Kh5 47. Kf3
g4+ 48. Ke3 Kg6 49. Rc7 Nf8 50. Rc8 Kg7 51. Rc7 Ng6 52. Rb7 Kh6 53. Rb3 Kh5 54.
Ra3 Bb2 55. Rb3 Bc1+ 56. Ke2 Nxf4+ 57. Kd1 Nxd5 58. Kxc1 Nf6 59. Re3 h3 60. e5
Nh7 61. exd6 exd6 62. Kd2 Ng5 63. Re2 Nf3+ 64. Ke3 d5 65. Kf4 d4 66. Kf5 d3 67.
Re8 Nd4+ 68. Kf6 1-0

[Event "Pere Noel"]
[Site "Montreal CAN"]
[Date "2006.12.27"]
[Round "2"]
[White "Anastasovski, Nikola"]
[Black "Gueorgiev, Valentin"]
[Result "0-1"]
[WhiteElo "2176"]
[BlackElo "2200"]
[PlyCount "128"]
[EventDate "2006.12.26"]
[EventType "swiss"]
[EventRounds "5"]
[EventCountry "CAN"]

1. e4 g6 2. c4 Bg7 3. Nc3 c5 4. g3 d6 5. Bg2 Nc6 6. d3 e6 7. Nge2 Nge7 8. Be3
Nd4 9. Qd2 Nec6 10. O-O a6 11. f4 O-O 12. Rf2 Rb8 13. Raf1 b5 14. Kh1 Nxe2 15.
Nxe2 Nd4 16. Bxd4 cxd4 17. Ng1 b4 18. b3 f5 19. Re1 a5 20. Rfe2 a4 21. exf5
exf5 22. Bd5+ Kh8 23. bxa4 Bb7 24. Bxb7 Rxb7 25. Rb1 Qa8 26. Nf3 h6 27. Kg2
Qxa4 28. Re6 Kh7 29. Rbe1 Qc6 30. Kf2 Qc7 31. R1e2 b3 32. axb3 Rxb3 33. Nh4 Bf6
34. Qe1 Rb7 35. Nf3 Bg7 36. Re7 Qb6 37. Rxb7 Qxb7 38. Re7 Qb2+ 39. Qe2 Qc3 40.
Rb7 Ra8 41. Kg2 Qc1 42. Kh3 g5 43. g4 fxg4+ 44. Kxg4 Qxf4+ 45. Kh3 g4+ 46. Kg2
Qxf3+ 47. Qxf3 gxf3+ 48. Kxf3 Rd8 49. Ke4 Kg6 50. Kd5 h5 51. Ke6 h4 52. h3 Re8+
53. Kxd6 Re3 54. c5 Rxd3 55. c6 Rc3 56. c7 d3 57. Kd7 d2 58. Rb6+ Kg5 59. Rd6
Rxc7+ 60. Ke6 Rc6 61. Rxc6 d1=Q 62. Rc5+ Kf4 63. Rc4+ Kg3 64. Rc7 Qd4 0-1

[Event "Pere Noel"]
[Site "Montreal CAN"]
[Date "2006.12.27"]
[Round "2"]
[White "Bergeron, Marc"]
[Black "Khassanov, Marat"]
[Result "1/2-1/2"]
[WhiteElo "1977"]
[BlackElo "2320"]
[PlyCount "106"]
[EventDate "2006.12.26"]
[EventType "swiss"]
[EventRounds "5"]
[EventCountry "CAN"]

1. c4 c5 2. g3 Nf6 3. Bg2 e6 4. Nf3 Qc7 5. Nc3 a6 6. O-O b6 7. d3 Bb7 8. e4 d6
9. Re1 Nbd7 10. Nh4 Be7 11. f4 O-O 12. Nf3 Nb8 13. h3 Re8 14. Be3 Bf8 15. Bf2
Nc6 16. d4 cxd4 17. Nxd4 Rac8 18. Nb3 Nd7 19. Rc1 Qb8 20. Nd4 Nxd4 21. Qxd4 Bc6
22. a4 Qa8 23. b4 Bb7 24. Bf1 a5 25. b5 Nc5 26. Rcd1 e5 27. Qd2 Nxe4 28. Nxe4
Bxe4 29. Bxb6 exf4 30. Qxf4 d5 31. cxd5 Bxd5 32. Qd2 Bb3 33. Rc1 Rxe1 34. Qxe1
Bb4 35. Rxc8+ Qxc8 36. Qe5 Bxa4 37. Qc7 Qf8 38. Kh2 h5 39. Qd8 Bb3 40. Bxa5
Bxa5 41. Qxa5 h4 42. Qc7 hxg3+ 43. Kxg3 Bd5 44. Bd3 Qe8 45. Kf2 g6 46. Qd6 Qa8
47. Ke3 Bg2 48. Qg3 Qa7+ 49. Kd2 Qa2+ 50. Ke3 Qe6+ 51. Kd4 Qd5+ 52. Ke3 Kg7 53.
h4 Qe6+ 1/2-1/2

[Event "Pere Noel"]
[Site "Montreal CAN"]
[Date "2006.12.27"]
[Round "2"]
[White "Fareh, Youness"]
[Black "Gilman, Arkadiy"]
[Result "1-0"]
[WhiteElo "2161"]
[BlackElo "2131"]
[PlyCount "79"]
[EventDate "2006.12.26"]
[EventType "swiss"]
[EventRounds "5"]
[EventCountry "CAN"]

1. Nf3 d5 2. c4 c6 3. g3 Nf6 4. Bg2 Bf5 5. b3 e6 6. O-O Nbd7 7. Bb2 Bd6 8. h3
h6 9. d3 O-O 10. Nbd2 Bh7 11. Re1 Qe7 12. e4 Ba3 13. Qc2 Bxb2 14. Qxb2 Rfd8 15.
cxd5 cxd5 16. e5 Ne8 17. d4 Rac8 18. Rac1 Nb8 19. Nb1 Rc6 20. Rxc6 Nxc6 21. a3
Qc7 22. Nc3 Qb6 23. Na4 Qa5 24. Nc5 Qb6 25. Rc1 a6 26. Qc3 Rc8 27. Bf1 Rc7 28.
g4 Qa7 29. Qe3 Nb8 30. g5 h5 31. Nh4 b6 32. Nxe6 fxe6 33. g6 Rxc1 34. Qxc1 Bxg6
35. Nxg6 Qf7 36. Qg5 Nc6 37. Qxh5 Qf5 38. Qh8+ Kf7 39. Qf8+ Kxg6 40. Qxe8+ 1-0

[Event "Pere Noel"]
[Site "Montreal CAN"]
[Date "2006.12.27"]
[Round "2"]
[White "Luksza, Arkadiusz"]
[Black "Rozybakiyev, Rasul"]
[Result "1-0"]
[WhiteElo "2211"]
[BlackElo "1827"]
[PlyCount "93"]
[EventDate "2006.12.26"]
[EventType "swiss"]
[EventRounds "5"]
[EventCountry "CAN"]

1. Nf3 Nf6 2. c4 e6 3. g3 g6 4. Bg2 Bg7 5. O-O O-O 6. d4 d5 7. Qc2 Qe7 8. Rd1
b6 9. b4 Re8 10. Ba3 Bb7 11. Nbd2 Nbd7 12. Rab1 a6 13. c5 bxc5 14. bxc5 Bc6 15.
Bb2 Reb8 16. Bc3 Qe8 17. Ba5 Qc8 18. e3 Rxb1 19. Rxb1 Rb8 20. Bf1 Rxb1 21. Qxb1
h6 22. Qd3 Bb5 23. Qb3 c6 24. Bh3 Be2 25. Ne1 Bg4 26. Bxg4 Nxg4 27. h3 Ngf6 28.
Nd3 Ne8 29. f4 f5 30. Nf3 Kf7 31. Nb4 Bf6 32. Qa4 Nb8 33. Kg2 Ke7 34. Bb6 Qb7
35. Nd2 Nc7 36. Bxc7 Qxc7 37. Nb3 Kd7 38. Nxa6 Nxa6 39. Qxa6 g5 40. Na5 Bd8 41.
Nb3 h5 42. Nc1 Qb8 43. Nd3 Bc7 44. fxg5 Qb1 45. g6 Qc2+ 46. Nf2 f4 47. Qd3 1-0

[Event "Pere Noel"]
[Site "Montreal CAN"]
[Date "2006.12.27"]
[Round "2"]
[White "Robichaud, Louis"]
[Black "Forget, Luc"]
[Result "1-0"]
[WhiteElo "2197"]
[BlackElo "1956"]
[PlyCount "75"]
[EventDate "2006.12.26"]
[EventType "swiss"]
[EventRounds "5"]
[EventCountry "CAN"]

1. e4 e6 2. d3 d5 3. Nd2 Nf6 4. g3 b6 5. Bg2 Bb7 6. e5 Nfd7 7. Ngf3 Be7 8. O-O
O-O 9. Re1 c5 10. Nf1 Nc6 11. h4 Rb8 12. Bf4 d4 13. N1d2 Nb4 14. Ne4 Nd5 15.
Bg5 Bxg5 16. hxg5 Qc7 17. Ned2 Ne7 18. Qe2 Ng6 19. Rac1 Rbd8 20. c3 dxc3 21.
Rxc3 Qb8 22. a4 Ne7 23. Rc4 Bd5 24. Rh4 Rfe8 25. Rh3 Nf8 26. Ne4 Bxe4 27. Qxe4
Rd7 28. b3 Red8 29. Nh2 Rd4 30. Qe2 g6 31. Ng4 Rxd3 32. Be4 Rxb3 33. Qc2 Ra3
34. f4 Rd4 35. Qh2 h5 36. Rxh5 Rxe4 37. Rh8+ Kg7 38. Qh6# 1-0

[Event "Pere Noel"]
[Site "Montreal CAN"]
[Date "2006.12.27"]
[Round "2"]
[White "Voskanyan, Vahagn"]
[Black "Masse, Hugues"]
[Result "0-1"]
[WhiteElo "2326"]
[BlackElo "2208"]
[PlyCount "142"]
[EventDate "2006.12.26"]
[EventType "swiss"]
[EventRounds "5"]
[EventCountry "CAN"]

1. e4 c5 2. Nf3 d6 3. d4 cxd4 4. Nxd4 Nf6 5. Nc3 a6 6. Be2 e5 7. Nb3 Be7 8. g4
h6 9. Rg1 Be6 10. Be3 Nbd7 11. h4 Nh7 12. g5 hxg5 13. Qd2 gxh4 14. Rxg7 Nhf6
15. O-O-O Qc7 16. f4 Bf8 17. Rgg1 O-O-O 18. f5 Bc4 19. Kb1 Bxe2 20. Qxe2 Bh6
21. Rh1 Bxe3 22. Qxe3 Rdg8 23. a3 Nb6 24. Rd3 Rg4 25. Qe1 Nc4 26. Rdh3 Qb6 27.
Ka2 Kb8 28. Rxh4 Rhxh4 29. Rxh4 Rg2 30. Qf1 Ne3 31. Qd3 Nxc2 32. Rh6 Nd4 33.
Qc4 Nxb3 34. Qxb3 Nd7 35. Qxb6 Nxb6 36. Kb3 Rd2 37. Rf6 Nd7 38. Rxf7 Nc5+ 39.
Ka2 Rd4 40. Rf8+ Kc7 41. Nd5+ Kd7 42. Rg8 Nxe4 43. Rg7+ Kc6 44. Ne7+ Kc5 45.
Nc8 Rd2 46. Rxb7 Rf2 47. Ne7 Nc3+ 48. Kb3 Nd1 49. Rc7+ Kd4 50. Rc2 Rxc2 51.
Kxc2 Ne3+ 52. Kd2 Ng4 53. b4 Nf6 54. Nc6+ Kc4 55. Nb8 Kb5 56. Kc3 Kb6 57. Nxa6
Kxa6 58. a4 d5 59. Kd3 Kb6 60. Ke3 Kc6 61. Kd3 Kb7 62. Ke3 Kb6 63. Kd3 Kc6 64.
Ke3 d4+ 65. Kd3 Nd5 66. b5+ Kb6 67. Ke4 Nf6+ 68. Kd3 Kc5 69. Kd2 e4 70. Ke2 Kb6
71. Kd2 Nd7 0-1

[Event "Pere Noel"]
[Site "Montreal CAN"]
[Date "2006.12.28"]
[Round "3"]
[White "Arsenault, Nicolas"]
[Black "Gueorgiev, Valentin"]
[Result "1-0"]
[WhiteElo "2146"]
[BlackElo "2200"]
[PlyCount "83"]
[EventDate "2006.12.26"]
[EventType "swiss"]
[EventRounds "5"]
[EventCountry "CAN"]

1. e4 g6 2. d4 Bg7 3. Nc3 d6 4. f4 Nf6 5. Nf3 c5 6. dxc5 Qa5 7. Bd3 Qxc5 8. Qe2
a6 9. Be3 Qa5 10. O-O O-O 11. Kh1 Bg4 12. Qe1 Nbd7 13. Nd4 Nc5 14. f5 Nxd3 15.
cxd3 d5 16. h3 dxe4 17. dxe4 Qb4 18. hxg4 Nxg4 19. Rd1 Nxe3 20. Qxe3 Qxb2 21.
Nd5 Qxa2 22. Nxe7+ Kh8 23. e5 Rfe8 24. f6 Bf8 25. Ra1 Qc4 26. Rac1 Qb4 27. e6
fxe6 28. Nxg6+ hxg6 29. Qh3+ Kg8 30. f7+ Kg7 31. fxe8=Q Rxe8 32. Rc7+ Be7 33.
Nxe6+ Kg8 34. Qh6 Qh4+ 35. Qxh4 Bxh4 36. Nc5 Bg3 37. Rxb7 Re5 38. Nd7 Rh5+ 39.
Kg1 Bh2+ 40. Kf2 Rf5+ 41. Ke2 Rxf1 42. Kxf1 1-0

[Event "Pere Noel"]
[Site "Montreal CAN"]
[Date "2006.12.28"]
[Round "3"]
[White "Hajiyev, Elshad"]
[Black "Voskanyan, Vahagn"]
[Result "1-0"]
[WhiteElo "2049"]
[BlackElo "2326"]
[PlyCount "98"]
[EventDate "2006.12.26"]
[EventType "swiss"]
[EventRounds "5"]
[EventCountry "CAN"]

1. Nf3 c5 2. c4 Nf6 3. Nc3 Nc6 4. g3 d5 5. cxd5 Nxd5 6. Bg2 Nc7 7. O-O e5 8. d3
Be7 9. Be3 Bd7 10. Rc1 Rc8 11. Nd2 O-O 12. f4 exf4 13. gxf4 b6 14. Bf2 Bh4 15.
e4 Bxf2+ 16. Rxf2 Nd4 17. Qh5 f6 18. Kh1 Qe7 19. Nc4 Bc6 20. Rg1 Rcd8 21. Qh4
Rf7 22. Ne3 Re8 23. f5 Rd8 24. Bf3 Nxf3 25. Rxf3 Kh8 26. Rh3 h6 27. Ng4 Rxd3
28. Nxh6 Rxh3 29. Nxf7+ Kg8 30. Nh6+ Kh7 31. Qxh3 Bxe4+ 32. Nxe4 Qxe4+ 33. Qg2
Qxg2+ 34. Kxg2 Kxh6 35. Kf3 Nb5 36. Kf4 Nd4 37. Rg6+ Kh7 38. Rg2 Nc6 39. Ke4
Nb4 40. a3 Nc6 41. Kd5 Ne5 42. Kd6 Kh6 43. Kc7 g6 44. fxg6 Nxg6 45. Kb7 Nf4 46.
Rd2 c4 47. Kxa7 Nd3 48. Kxb6 Ne5 49. Kc5 Kg5 1-0

[Event "Pere Noel"]
[Site "Montreal CAN"]
[Date "2006.12.28"]
[Round "3"]
[White "Khassanov, Marat"]
[Black "Robichaud, Louis"]
[Result "0-1"]
[WhiteElo "2320"]
[BlackElo "2197"]
[PlyCount "72"]
[EventDate "2006.12.26"]
[EventType "swiss"]
[EventRounds "5"]
[EventCountry "CAN"]

1. e4 e5 2. Nf3 Nc6 3. d4 exd4 4. Nxd4 Bc5 5. Nxc6 Qf6 6. Qf3 Qxf3 7. gxf3 bxc6
8. Bf4 d6 9. Nd2 Ne7 10. Nb3 Bb6 11. c4 Be6 12. Rc1 c5 13. Bd3 O-O 14. Ke2 f5
15. Be3 Rae8 16. Rhg1 a5 17. Rg5 a4 18. Na1 Ba5 19. Rcg1 Rf7 20. Nc2 f4 21. Bc1
Nc6 22. h4 Ree7 23. Rh1 Ne5 24. Na3 c6 25. h5 Rb7 26. Rh4 Bd8 27. Rxe5 dxe5 28.
Rh1 Ba5 29. Rg1 h6 30. Nb1 Rf6 31. Kd1 Bf7 32. Rh1 Rd6 33. Kc2 Rd8 34. Nc3 Rbd7
35. Be2 Rd4 36. b3 a3 0-1

[Event "Pere Noel"]
[Site "Montreal CAN"]
[Date "2006.12.28"]
[Round "3"]
[White "Masse, Hugues"]
[Black "Luksza, Arkadiusz"]
[Result "1/2-1/2"]
[WhiteElo "2208"]
[BlackElo "2211"]
[PlyCount "83"]
[EventDate "2006.12.26"]
[EventType "swiss"]
[EventRounds "5"]
[EventCountry "CAN"]

1. d4 Nf6 2. c4 e6 3. Nc3 b6 4. e4 d6 5. Nf3 c5 6. d5 e5 7. g3 Be7 8. Bg2 O-O
9. O-O Na6 10. Nd2 Nc7 11. a3 Bd7 12. b4 Qc8 13. Re1 Nfe8 14. Rb1 f5 15. exf5
Bxf5 16. Nde4 Nf6 17. Rb2 Nxe4 18. Nxe4 Ne8 19. bxc5 bxc5 20. Bd2 Rb8 21. Rxb8
Qxb8 22. Qc2 Qc7 23. Rb1 Nf6 24. Nxf6+ Rxf6 25. Be4 Bxe4 26. Qxe4 Qd7 27. Bg5
Rf8 28. Be3 Bd8 29. Rb8 Ba5 30. Rxf8+ Kxf8 31. Qxh7 Bc3 32. Qe4 Bd4 33. Kg2 Kg8
34. h4 Qa4 35. Qd3 Qe8 36. Qf5 Qa4 37. Qe6+ Kh7 38. Qf5+ Kg8 39. Qe6+ Kh7 40.
Bg5 Qxc4 41. Qf5+ Kg8 42. Qe6+ 1/2-1/2

[Event "Pere Noel"]
[Site "Montreal CAN"]
[Date "2006.12.29"]
[Round "4"]
[White "Fareh, Youness"]
[Black "Hajiyev, Elshad"]
[Result "1-0"]
[WhiteElo "2161"]
[BlackElo "2049"]
[PlyCount "137"]
[EventDate "2006.12.26"]
[EventType "swiss"]
[EventRounds "5"]
[EventCountry "CAN"]

1. Nf3 d5 2. c4 c6 3. g3 Nf6 4. Bg2 Bg4 5. O-O Bxf3 6. Bxf3 e5 7. cxd5 cxd5 8.
d3 Nc6 9. Bg5 d4 10. Qa4 Qd7 11. Rc1 Nd8 12. Qa5 Bd6 13. Na3 O-O 14. Nc4 Bc7
15. Qa3 Nd5 16. Qb3 Re8 17. Na3 Nf6 18. Rc2 Rb8 19. Rac1 Bb6 20. Nc4 Bc5 21.
Nxe5 Rxe5 22. Rxc5 Rxc5 23. Rxc5 Ne6 24. Rf5 Nxg5 25. Rxg5 Rc8 26. Kg2 b6 27.
Rb5 h6 28. Rb4 Rc5 29. Rc4 Rg5 30. Qb4 Rb5 31. Qd2 Ra5 32. a3 g5 33. h3 h5 34.
a4 g4 35. hxg4 hxg4 36. Be4 Rh5 37. Qf4 Kg7 38. Bc6 Qe7 39. Be4 Qd8 40. Rc6 Qe7
41. Qd6 Qxd6 42. Rxd6 Rc5 43. b4 Rc2 44. Rxd4 Rxe2 45. Bf5 Ra2 46. b5 Ra3 47.
Bxg4 Nxg4 48. Rxg4+ Kf6 49. Rc4 Ke6 50. Kf1 Ra2 51. g4 f6 52. Kg2 Ra3 53. f3
Kd6 54. Kg3 Ke5 55. Re4+ Kd6 56. Rc4 Ke5 57. d4+ Kd5 58. Rc6 Rxa4 59. Rxf6 Rxd4
60. g5 Rd1 61. Kg4 Rg1+ 62. Kh5 Rh1+ 63. Kg6 Kc5 64. Kf5 Rh8 65. g6 Re8 66. Kg5
Rg8 67. Rf7 Kd6 68. g7 Ke6 69. Kg6 1-0

[Event "Pere Noel"]
[Site "Montreal CAN"]
[Date "2006.12.29"]
[Round "4"]
[White "Larochelle, Martial"]
[Black "Prahov, Valentin"]
[Result "1-0"]
[WhiteElo "2177"]
[BlackElo "2183"]
[PlyCount "69"]
[EventDate "2006.12.26"]
[EventType "swiss"]
[EventRounds "5"]
[EventCountry "CAN"]

1. Nf3 d5 2. d4 Nf6 3. c4 c6 4. Nc3 g6 5. e3 Bg7 6. Bd3 O-O 7. O-O Nbd7 8. cxd5
cxd5 9. Qb3 e6 10. Bd2 Qb6 11. Rfc1 Rd8 12. Na4 Qxb3 13. axb3 Bf8 14. b4 a6 15.
Nc5 Nxc5 16. bxc5 Bd7 17. Ne5 Bb5 18. Bxb5 axb5 19. Ba5 Rdc8 20. f3 Be7 21. Ra3
Ra6 22. Bb4 Rxa3 23. Bxa3 Kf8 24. Rc3 Ra8 25. Rb3 Ra5 26. c6 Rxa3 27. Rxa3 bxc6
28. Ra8+ Kg7 29. Nxc6 Bd6 30. Ra5 b4 31. Rb5 h5 32. Nxb4 e5 33. Nxd5 exd4 34.
Nxf6 Kxf6 35. exd4 1-0